Pobaltské státy [turistický průvodce]

Bibliographic Details
Main Author: Bousfield, Jonathan (Author)
Other Authors: Meghji, Shafik (Collaborator), Sládek, Jan (Translator), Beneš, Radek (Translator)
Format: Book
Language:Czech
English
PhysicalDescription:xxiv, 563 s., [8] s. fareb. obr. príl. fotogr., ilustr., mp., pl. 20 cm 1 DVD
Published: Brno Jota 2009
ISBN:9788072176434
Edition:2., dopl. vyd.
Series:Livingstone - průvodci
Subjects:

MARC

LEADER 00000cam a2200000 a 4500
001 vtls009521715
003 SK-MaSNL
005 20260301223733.0
008 251124s2009 xr obelg f 001 0 cze
020 |a 9788072176434  |q (brož.) 
040 |a SNK  |b slo  |c SNK  |e AACR2 
041 1 |a cze  |h eng 
043 |a e-er---  |a e-lv---  |a e-li--- 
044 |a xr  |c CZ 
072 7 |a 913(4)  |x Geografia Európy, reálie, cestovanie  |2 konspekt 
080 |a 913(474.2)  |2 2001 
080 |a 913(474.3)  |2 2001 
080 |a 913(474.5)  |2 2001 
080 |a (036)913  |2 2001 
100 1 |a Bousfield, Jonathan  |4 aut  |9 600991 
240 0 4 |a The rough guide to the Baltic states  |l Česky 
245 1 0 |a Pobaltské státy  |b [turistický průvodce]  |c napsal a sestavil Jonathan Bousfield ; spolupráce Shafik Meghji ; [dle angl. orig. přel. a aktualizovali Jan Sládek a Radek Beneš] 
246 3 |a Turistický průvodce - pobaltské státy 
250 |a 2., dopl. vyd. 
260 |a Brno  |b Jota  |c 2009 
300 |a xxiv, 563 s., [8] s. fareb. obr. príl.  |b fotogr., ilustr., mp., pl.  |c 20 cm  |e 1 DVD 
490 1 |a Livingstone - průvodci  |v sv. 118 
500 |a Česko-litovský, česko-lotyšský a česko-estonský slovníček 
504 |a Obsahuje bibliografické odkazy a reg. 
651 7 |a Litva  |2 SNKPH  |9 25602 
651 7 |a Estonia  |2 SNKPHeng  |9 360322 
651 7 |a Litva  |2 SNKPHeng  |9 25602 
651 7 |a Estónsko  |2 SNKPH  |9 16967 
651 7 |a Lotyšsko  |2 SNKPH  |9 25164 
651 7 |a Lotyšsko  |2 SNKPHeng  |9 25164 
655 7 |a turistickí sprievodcovia (publikácie)  |2 SNKPH  |9 191298 
655 7 |a Tourist guidebooks  |2 SNKPHeng  |9 291226 
700 1 |a Meghji, Shafik  |4 clb  |9 615042 
700 1 |a Sládek, Jan  |4 trl  |9 155368 
700 1 |a Beneš, Radek  |4 trl  |9 328139 
830 0 |a Livingstone - průvodci  |9 310508 
919 |a 978-80-7217-643-4 
999 |c 944713  |d 946643 
952 |t snkPOB 908.11.9/príl.  |a SNKMST  |b SNKMST  |y PREZ  |7 0  |p 17A0627611  |o snkID 98294/príl.  |i snk2009/14264  |8 4  |3 Príloha: 1 DVD  |z Príloha  |0 0  |1 0  |4 0  |d 2009-06-18  |l 0  |r 2025-08-13 00:00:00  |w 2026-02-24 
952 |t snkPOB 908.11.9  |a SNKUST  |b SNKUST  |y PREZ  |7 0  |p 17A0627693  |o snkID 98294  |i snk2009/14264  |8 4  |g 23.14  |3 Príloha: 1 DVD  |z 2. dopl. vyd.  |0 0  |1 0  |4 0  |d 2009-06-18  |l 0  |r 2025-05-28 00:00:00  |w 2026-02-24